Logo BPK

Biblioteka

Politechniki Koszalińskiej

Katalog Nakładów Rzeczowych nr 7-04 / (Rekord nr 10119)

Szczegóły MARC
000 -ETYKIETA REKORDU
podpole kontrolne o stałej długości 00525nam a2200157 i 4500
001 - NUMER KONTROLNY REKORDU
pole kontrolne bg
040 ## - ŹRÓDŁO KATALOGOWANIA
Instytucja, która utworzyła rekord BPK
041 ## - KOD JĘZYKA
Kod języka tekstu pl
008 - POLE O STAŁEJ DŁUGOŚCI - DANE KONTROLNE
podpole kontrolne o stałej długości s pl f |000 0 pol
245 #0 - TYTUŁ/ODPOWIEDZIALNOŚĆ
Tytuł Katalog Nakładów Rzeczowych nr 7-04 /
Pozostałe elementy strefy tytułu i oznaczenia odpowiedzialności Ministerstwo Budownictwa i Przemysłu Materiałów Budowlanych ; Centralny Ośr. Badawczo-Projektowy Konstrukcji Metalowych MOSTOSTAL.
254 ## - STREFA POSTACI ZAPISU MUZYCZNEGO
Określenie postaci zapisu muzycznego KNR7-04
260 ## - STREFA ADRESU WYDAWNICZEGO
Miejsce wydania Warszawa :
Nazwa wydawcy/dystrybutora Wydawnictwa Akcydensowe,
Data publikacji, dystrybucji/powstania dokumentu 1985.
650 #9 - HASŁO PRZEDMIOTOWE W FORMIE NAZWY OGÓLNEJ LUB JEDNOSTKOWEJ
Nazwa ogólna lub geograficzna oczyszczalnia ścieków
650 #9 - HASŁO PRZEDMIOTOWE W FORMIE NAZWY OGÓLNEJ LUB JEDNOSTKOWEJ
Nazwa ogólna lub geograficzna urządzenia
856 ## - LOKALIZACJA I DOSTĘP DO ELEKTRONICZNYCH DOKUMENTÓW ZDALNYCH
Link (URL) http://koha.tu.koszalin.pl/cgi-bin/koha/opac-detail.pl?biblionumber=10119
Tekst linku Katalog online BPK
942 ## - DODATKOWE ELEMENTY (KOHA)
Typ dokumentu Katalog
Egzemplarze
Wycofany Status egzemplarza Uszkodzony Dostępność Lokalizacja stała Lokalizacja bieżąca Miejsce przechowywania Sygnatura Kod kreskowy Typ dokumentu Numer ubytku
      Dostępny Biblioteka Politechniki Koszalińskiej Biblioteka Politechniki Koszalińskiej Wypożyczalnia BG KC 2522 02034201 Katalog  
  Egz. niedostępny   Niedostępny Biblioteka Politechniki Koszalińskiej Biblioteka Politechniki Koszalińskiej   KC 2523 02034218 Katalog 2715
  Egz. niedostępny   Niedostępny Biblioteka Politechniki Koszalińskiej Biblioteka Politechniki Koszalińskiej   KC 2524 02034225 Katalog 2716
© 2023 Biblioteka Politechniki Koszalińskiej :: KOHA